THOMPSON AND THOMPSON GENETICS IN MEDICINE / (Record no. 797928)

MARC details
000 -LEADER
fixed length control field 00528pam a2200193 a 4500
020 ## - INTERNATIONAL STANDARD BOOK NUMBER
International Standard Book Number 9781416030805
Terms of availability 1595.00
041 ## - LANGUAGE CODE
Language code of text/sound track or separate title eng
Language code of original NULL
082 ## - DEWEY DECIMAL CLASSIFICATION NUMBER
Classification number 616.042
Item number NUS/MCL
100 ## - MAIN ENTRY--PERSONAL NAME
Personal name NUSSBAUM, R .
245 ## - TITLE STATEMENT
Title THOMPSON AND THOMPSON GENETICS IN MEDICINE /
Statement of responsibility, etc. NULL.
Medium Textual Documents
250 ## - EDITION STATEMENT
Edition statement 7 /
Remainder of edition statement .
260 ## - PUBLICATION, DISTRIBUTION, ETC.
Place of publication, distribution, etc. NULL :
Name of publisher, distributor, etc. SAUNDERS ,
Date of publication, distribution, etc. 2007.
300 ## - PHYSICAL DESCRIPTION
Extent 585 :
Other physical details XI ;
Dimensions A4 .
365 ## - TRADE PRICE
Price type code 1595.00
650 ## - SUBJECT ADDED ENTRY--TOPICAL TERM
Topical term or geographic name entry element GEN.MEDICINE
700 ## - ADDED ENTRY--PERSONAL NAME
Personal name MCLHNES, R .
-- WILLARD, H .
930 ## - EQUIVALENCE OR CROSS-REFERENCE-UNIFORM TITLE HEADING [LOCAL, CANADA]
Uniform title 3394
Holdings
Withdrawn status Lost status Damaged status Not for loan Home library Current library Date acquired Source of acquisition Cost, normal purchase price Total Checkouts Full call number Barcode Date last seen Copy number Price effective from Koha item type
        Medical College & Hospital, Sangli Medical College & Hospital, Sangli 28/11/2011 1595.00   616.042 NUS/MCL MCS-7720 26/07/2023 1 26/07/2023 Book